000 01312nam a2200253Ii 4500
003 JO-AjNU
005 20240625100722.0
008 230605s9999||||xx |||||||||||||| ||und||
040 _aJO-AjNU
_bara
_erda
_cJO-AjNU
041 _aara
050 1 4 _aHD62.15.2020
100 1 _aالزغول، رهام احمد مفضي
_eمعد
_965587
245 1 0 _aامكانية تطبيق منهجية ستة سيجما لتحسين جودة الخدمات في المصارف الاسلامية الاردنية=Apply The Six Sigma approach to Improvr The Quality of Services in Jordanian Islamic Banks /
260 _c2020
300 _a87 ورقة
336 _atext
_btxt
_2rdacontent
337 _aunmediated
_bn
_2rdamedia
338 _avolume
_bnc
_2rdacarrier
500 _aرسالة جامعية(اطروحة ماجستير) جامعة عجلون الوطنية ،كلية ادارة الاعمال،المصارف الاسلامية2020، يحتوي على قائمة مراجع من ص74-80ص ويحتوي على ملاحق من ص 81-87ص
650 7 _aالبنوك- تنظيم وادارة -ضبط جودة - المصارف الاسلامية - الاردن
_959604
700 1 _aأبو صفية، فخري
_965588
_eمشرف
700 1 _aشكري، قدري
_965590
_eمشرف مشارك
942 _2lcc
_cTHS
999 _c30398
_d30398